| 000 | 00952nam a22003137a 4500 | ||
|---|---|---|---|
| 003 | CHAP | ||
| 005 | 20220329140823.0 | ||
| 008 | 971013s1941 r 00010 d | ||
| 010 | _a58129 | ||
| 011 | _a59101 | ||
| 035 | _a63258 | ||
| 040 | _cCHAP | ||
| 082 |
_a660.28427 _bS86 |
||
| 100 | 0 | 0 |
_aStoever, Herman Julius. _9109852 |
| 245 | _aApplied heat transmission | ||
| 260 |
_aNew York : _bMcGraw-Hill, _c1941 |
||
| 300 |
_a226 p. _b: ilus. |
||
| 590 |
_aBATCH-UPD _b10 _c20130110 _lUCH01 _h0241 |
||
| 590 |
_aBATCH-UPD _b10 _c20130110 _lUCH01 _h1639 |
||
| 590 |
_aBATCH-UPD _b10 _c20130409 _lUCH01 _h2308 |
||
| 590 |
_aBATCH-UPD _b10 _c20130913 _lUCH01 _h2323 |
||
| 590 |
_aCONVERSION _b10 _c20130109 _lUCH01 _h1331 |
||
| 650 | 1 | 4 |
_aAislamiento (Calor) _93160 |
| 650 | 1 | 4 |
_aCalefacción. _917458 |
| 650 | 1 | 4 |
_aCalor _xTransmisión. _917579 |
| 901 | _aBK | ||
| 942 | _cLIBRO | ||
| 949 |
_a660.28427 S86 _bBC _cLIBRO _d33724000129953 _eLIBRO _h25204 _i63258 _si |
||
| 999 |
_c58129 _d58129 |
||